000 00320nam a2200133Ia 4500
005 20251222151305.0
008 251222s9999||||xx |||||||||||||| ||spa||
020 _a9786120015933
082 _a657.094.6/Z55
100 _aZeballos Zeballos, Erly
245 0 _aContabilidad General:
250 _a1ra. ed.
942 _cLIB
999 _c23152
_d23152